000 00590cam a22002053a 4500
001 39074
003 PGUSA
005 20140828083851.0
008 120307s2012||||xxu|||||s|||||000 | eng d
040 _aPGUSA
_beng
042 _adc
100 1 _aMillingen, J. G.
_q(John Gideon)
245 1 0 _aCuriosities of Medical Experience
_h[electronic resource] /
_cJ. G. Millingen
260 _bProject Gutenberg,
_c2012
506 _aPublic domain in the USA.
516 _aElectronic text
830 0 _aProject Gutenberg
_v39074
856 4 0 _uhttp://www.gutenberg.org/ebooks/39074
942 _cEB
999 _c268327
_d268327